| 000 | 00453nam a22001817a 4500 | ||
|---|---|---|---|
| 003 | CEME | ||
| 005 | 20210628203201.0 | ||
| 008 | 210203b xxu||||| |||| 00| 0 eng d | ||
| 020 | _a8127225878 | ||
| 040 | _c. | ||
| 082 | _a330 CHO | ||
| 100 |
_aChopra, P.N _963828 |
||
| 245 | _aAdvanced economic theory , micro and macro | ||
| 260 |
_aNEW DELHI _bKALYANI _c2003 |
||
| 300 | _a495P | ||
| 650 |
_aECONOMIC THEORY-ADVANCED _963829 |
||
| 942 |
_cBK _2ddc |
||
| 999 |
_c572537 _d572537 |
||